| 000 | 01034nam0a22002411 4500 | ||
|---|---|---|---|
| 001 | rc\2837731 | ||
| 005 | 20110628135050.1 | ||
| 035 | _a(NLR Aleph) 006995426 | ||
| 090 |
_a5668117 _c5668117 |
||
| 100 | _a20110628d1932 |||y0rusy50 ca | ||
| 101 | 0 | _arus | |
| 102 | _aRU | ||
| 105 | _aaa z ||||| | ||
| 200 | 1 |
_aГигиена женщины _fпроф. С.М. Малиновский, дир. акушерско-гинекологич. клиники I моск. мед. ин-та, прив.-доц. Е.М. Шварцман, преподаватель акушерско-гинекологич. клиники I Моск. мед. ин-та |
|
| 210 |
_aМосква _cГос. мед. изд-во _d1932 _gтип. "Образцовая" |
||
| 215 |
_aПер., 269 с. _cил. _d19х13 см |
||
| 700 | 1 |
_aМалиновский _bМ. С. _f1880-1976 _gМихаил Сергеевич |
|
| 701 | 1 |
_aШварцман _bЕ. М. |
|
| 801 | 0 |
_aRU _bNLR _gpsbo |
|
| 801 | 1 |
_aRU _bELAR _2rusmarc |
|
| 852 |
_aNLR _j32-3/998 |
||
| 942 | _cBOOK | ||
| 980 | _aNB | ||